Theory of Machines and Mechanisms (Record no. 32760)

000 -LEADER
fixed length control field 00408nam a22001817a 4500
003 - CONTROL NUMBER IDENTIFIER
control field NUST
020 ## - INTERNATIONAL STANDARD BOOK NUMBER
International Standard Book Number 019806232-X
038 ## - RECORD CONTENT LICENSOR
Staff Name Khadija
082 ## - DEWEY DECIMAL CLASSIFICATION NUMBER
Classification number 621.81
Author Mark THE
100 ## - MAIN ENTRY--PERSONAL NAME
Personal name Uicker, John J.
9 (RLIN) 83652
245 ## - TITLE STATEMENT
Title Theory of Machines and Mechanisms
250 ## - EDITION STATEMENT
Edition statement 3rd ed
260 ## - PUBLICATION, DISTRIBUTION, ETC.
Place of publication, distribution, etc. New York:
Name of publisher, distributor, etc. Oxford press,
Date of publication, distribution, etc. 2009.
300 ## - PHYSICAL DESCRIPTION
Extent 709 p. ;
500 ## - GENERAL NOTE
General note Paperback.
563 ## - BINDING INFORMATION
Binding note PB
942 ## - ADDED ENTRY ELEMENTS (KOHA)
Koha item type Book
Source of classification or shelving scheme
Holdings
Withdrawn status Lost status Source of classification or shelving scheme Damaged status Not for loan Permanent Location Current Location Shelving location Date acquired Total Checkouts Full call number Barcode Date last seen Date last checked out Price effective from Koha item type
          School of Mechanical & Manufacturing Engineering (SMME) School of Mechanical & Manufacturing Engineering (SMME) General Stacks 11/13/2015 1 621.81 THE SMME-1600 12/20/2023 10/30/2023 11/13/2015 Book
© 2023 Central Library, National University of Sciences and Technology. All Rights Reserved.